Reporting odložených daní

Na minha lista:
Detalhes bibliográficos
Autor principal: Harumová, Anna, 1955-
Formato: Livro
Idioma:eslovaco
Publicado em: Bratislava Ing. Miroslav Mračko, EPOS 2003
Assuntos:
Tags: Adicionar Tag
Sem tags, seja o primeiro a adicionar uma tag!

MARC

LEADER 00000nam$a2200000$$$4500
001 0001332
005 20240502071345.0
020 |a 80-8057-531-2 
041 0 |a slo 
044 |a SK 
245 1 0 |a Reporting odložených daní  |c Anna Harumová 
264 1 |a Bratislava  |b Ing. Miroslav Mračko, EPOS  |c 2003 
300 |a 144 s. 
610 2 0 |a dane 
610 2 0 |a výkazy účtovné 
610 2 0 |a štandardy 
610 2 0 |a účtovníctvo 
610 2 0 |a oceňovanie 
610 2 0 |a majetok 
610 2 0 |a záväzky 
610 2 0 |a výsledok hospodársky 
610 2 0 |a dane z príjmov 
610 2 0 |a Slovensko 
100 1 |a Harumová, Anna, 1955-